1440 1571 1081 1706 1924 1660 1075 1976 1211 1796 1496 1371 1597 1290 1208 1109 1082 1315 1904 1167 1173 1987 1655 1707 1911 1896 1920 1241 1377 1088 1037 1233 1879 1283 1569 1610 1278 1991 1559 1800 1201 1877 1962 1637 1649 1925 1923 1806 1708 1583 1539 1018 1790 1750 1708 1818 1245 1028 1812 1546 1390 1146 1630 1112 1041 1614 1889 1397 1642 1026 1697 1257 1537 1148 1953 1809 1166 1655 1908 1133 1463 1529 1379 1029 1074 1370 1899 1714 1914 1785 1557 1208 1548 1519 1631 1404 1399 1445 1861 BCNSPRNW ULIB Ver.6.0+V

เปลี่ยนเป็นภาษาไทย

Change to English
 แสดงรายละเอียดบรรณานุกรม
  กลับหน้าหลัก

Brief Record : Get Marc (ISO 2709) : E-mail record : QR code < ปิดหน้าต่าง
LEADER : 00000nam 2200000uu 4500
001    13399128868
003     ULIB
008    241021s2566||||th 000 0 tha d
020 ^^ ^a9786164263314
060 ^^ ^aWA105^bศ111ร
100 ^^ ^aศักดิ์ชัย ไชยมหาพฤกษ์
245 ^^ ^aระบาดวิทยาและสถิติ = ^bEpidemiology and Statistics/^cศักดิ์ชัย ไชยมหาพฤกษ์
250 ^^ ^aพิมพ์ครั้งที่ 2
260 ^^ ^aพิษณุโลก : ^bสำนักพิมพ์มหาวิทยาลัยนเรศวร,^c2566
300 ^^ ^a330 หน้า
502 ^^ ^aบทนำสู่ระบาดวิทยา Introduction to Epidemiology -- การวัดทางระบาดวิทยา Measures in Epidemiology -- การวัดความสัมพันธ์ Measures of Association -- การออกแบบวิจัย Study Design -- การวิจัยแบบสังเกตุ Observational Study -- การวิจัยเชิงทดลอง Experimental study -- อคติ Bias -- ตัวแปรกวน Confounder -- การทดสอบวินิจฉัยโรค Diagnostic Test -- การวัด Measurement -- สถิติเชิงพรรณา Descriptive Statistics -- สถิติเชิงอ้างอิง Statistical Inference -- การทดสอบทางสถิติ Statistical Test -- โปรแกรมคอมพิวเตอร์ PSPP -- การเปรียบเทียบตัวแปรเชิงตัวเลข Comparing Numerical Data -- การวิเคราะห์ความสัมพันธ์ Correlation -- การวิเคราะห์ถดถอย Regression -- การวิเคราะห์การรอดชีพ Time-to-Event Analysis -- การสาธารณสุข Public Health -- การป้องกันควบคุมโรคติดต่อ Prevention & Control of Communicable Diseases -- เวชศาสตร์เชิงประจักษ์ Evidence-Based Medicine
650 ^^ ^aชีวสถิติ
650 ^^ ^aระบาดวิทยา^xระเบียบวิธีทางสถิติ
945    ^p400^l0^i30294
945    ^p400^l0^i30295
945    ^p400^l0^i30494
945    ^p400^l0^i30495
999    ^aกัณชพร จุลอักษร
รายการนี้ยังไม่มีแท็ก
คุณยังไม่ได้ล็อกอิน คุณสามารถมีกิจกรรมร่วมกับเว็บไซต์ได้ แต่ต้องล็อกอินก่อน ::
  ล็อกอิน

รายการสื่อสารสนเทศ

ลำดับที่ ประเภท เลขเรียก/บาร์โค้ด สถานที่ สถานะ
1. หนังสือสำรอง
หนังสือสำรอง
WA105 ศ111ร ฉ.1 
  Barcode: 30294
ห้องสมุดวิทยาเขตนครสวรรค์
►หนังสือทั่วไป:l:General Books
บนชั้น
2. วิทยาศาสตร์การแพทย์ และสุขภาพ
วิทยาศาสตร์การแพทย์ และสุขภาพ
WA105 ศ111ร ฉ.2 
  Barcode: 30295
ห้องสมุดวิทยาเขตนครสวรรค์
►หนังสือทั่วไป:l:General Books
บนชั้น
3. วิทยาศาสตร์การแพทย์ และสุขภาพ
วิทยาศาสตร์การแพทย์ และสุขภาพ
WA105 ศ111ร ฉ.3 
  Barcode: 30494
ห้องสมุดวิทยาเขตนครสวรรค์
►หนังสือทั่วไป:l:General Books
บนชั้น
4. วิทยาศาสตร์การแพทย์ และสุขภาพ
วิทยาศาสตร์การแพทย์ และสุขภาพ
WA105 ศ111ร ฉ.4 
  Barcode: 30495
ห้องสมุดวิทยาเขตนครสวรรค์
►หนังสือทั่วไป:l:General Books
บนชั้น

รายการใกล้เคียง
    ผู้แต่ง [ศักดิ์ชัย ไชยมหาพฤกษ์]

    หัวเรื่อง [ชีวสถิติ]

BibComment


ยังไม่เคยถูกคอมเมนท์

คอมเมนท์ทรัพยากรรายการนี้
  คอมเมนท์: ระบาดวิทยาและสถิ..


 Copyright 2026. Bcnsprnw @Library